Geography Quiz

Random Geography or City Quiz

Pennsylvania's top cities alphabetically Quiz Stats

 Plays Quiz not verified by Sporcle

Score 0/20 Timer 06:00
0 Plays Today
City/Borough/Township % Correct
Philadelphia
96.8%
Pittsburgh
93.7%
Allentown
89.5%
Erie
86.3%
Scranton
86.3%
Reading
78.9%
Harrisburg
76.8%
Bethlehem
70.5%
Altoona
69.5%
Lancaster
67.4%
City/Borough/Township % Correct
York
41.1%
Bensalem
33.7%
Upper Darby
31.6%
Abington
30.5%
Bristol
26.3%
Lower Merion
26.3%
Haverford
21.1%
Middletown
20%
Millcreek
20%
Lower Paxton
18.9%

You're not logged in!

Compare scores with friends on all Sporcle quizzes.
OR
Log In

Show Comments

Extras

Top Quizzes Today


Score Distribution

Your Account Isn't Verified!

In order to create a playlist on Sporcle, you need to verify the email address you used during registration. Go to your Sporcle Settings to finish the process.

Report this User

Report this user for behavior that violates our Community Guidelines.

Details: